|
|
|
|
| LEADER |
01465nam a2200397Ia 4500 |
| 001 |
EBC3339185 |
| 003 |
MiAaPQ |
| 005 |
20200520144314.0 |
| 006 |
m o d | |
| 007 |
cr cn||||||||| |
| 008 |
100126s2010 mau sb 001 0 eng d |
| 010 |
|
|
|z 2010000386
|
| 020 |
|
|
|z 9780262515627 (pbk. : alk. paper)
|
| 035 |
|
|
|a (MiAaPQ)EBC3339185
|
| 035 |
|
|
|a (Au-PeEL)EBL3339185
|
| 035 |
|
|
|a (CaPaEBR)ebr10433728
|
| 035 |
|
|
|a (CaONFJC)MIL297843
|
| 035 |
|
|
|a (OCoLC)698105701
|
| 040 |
|
|
|a MiAaPQ
|c MiAaPQ
|d MiAaPQ
|
| 050 |
|
4 |
|a HD2329
|b .R43 2010
|
| 082 |
0 |
4 |
|a 330.9/034
|2 22
|
| 245 |
0 |
0 |
|a Reconceptualizing the Industrial Revolution
|h [electronic resource] /
|c edited by Jeff Horn, Leonard N. Rosenband, Merritt Roe Smith.
|
| 260 |
|
|
|a Cambridge, MA :
|b MIT Press,
|c c2010.
|
| 300 |
|
|
|a vi, 356 p.
|
| 504 |
|
|
|a Includes bibliographical references and index.
|
| 533 |
|
|
|a Electronic reproduction. Ann Arbor, MI : ProQuest, 2015. Available via World Wide Web. Access may be limited to ProQuest affiliated libraries.
|
| 650 |
|
0 |
|a Industrial revolution.
|
| 650 |
|
0 |
|a Industrialization.
|
| 650 |
|
0 |
|a Economic history.
|
| 650 |
|
0 |
|a Technological innovations
|x History.
|
| 655 |
|
4 |
|a Electronic books.
|
| 700 |
1 |
|
|a Horn, Jeff,
|c Ph. D.
|
| 700 |
1 |
|
|a Rosenband, Leonard N.
|
| 700 |
1 |
|
|a Smith, Merritt Roe,
|d 1940-
|
| 710 |
2 |
|
|a ProQuest (Firm)
|
| 856 |
4 |
0 |
|u https://ebookcentral.proquest.com/lib/matrademy/detail.action?docID=3339185
|z Click to View
|